00273nam a2200109 a 4500008004100000050001500041100001800056245003500074246003600109260000900145350000900154120416s1970 xx |||||||||||||| || u aDT 352 Fro aCohen, Ronald10aFrom tribe to nation in Africa astudies incorporation processes c1970 a0.00